000 00425nam a2200169Ia 4500
008 180921t2018 xxu||||| |||| 00| 1 sin d
041 _asin
080 _aX8C31
_bRAN
100 _aRanasingha, Saravi
245 _aබෝසත් සිහිනය
246 _aBosath Sihinaya
260 _bSaravi books
_as.i.
_c2018
300 _a250p., 21cm
942 _cBK
999 _c7383
_d7383
003 LK-CoDNM
040 _aLK-CoDNM
_dLK-CoDNM
_eLK-CoDNM